[Event "9. Lovsprings EMT Mesterklassen 1997"]
[Site "Ringsted"]
[Date "1997.04.11"]
[Round "4"]
[White "Madsen, Hans Henrik"]
[Black "Kronow, Jacob"]
[Result "0-1"]
[WhiteElo "2093"]
[BlackElo "1965"]
[PlyCount "80"]
[EventDate "1997.??.??"]

1. d4 Nf6 2. Bg5 Ne4 3. Bf4 c5 4. f3 Qa5+ 5. c3 Nf6 6. d5 Qb6 7. b3 e6 8. e4
exd5 9. exd5 d6 10. Na3 Be7 11. Nc4 Qd8 12. a4 O-O 13. Ne2 Re8 14. Kf2 Na6 15.
Nb2 Nc7 16. c4 a6 17. Ng3 Bd7 18. Bd3 b5 19. Bc2 bxa4 20. Nxa4 Nfxd5 21. cxd5
Bf6 22. Be4 Bd4+ 23. Be3 Bxe3+ 24. Kxe3 f5 25. Kf2 fxe4 26. Nxe4 Rxe4 27. fxe4
Qh4+ 28. Ke3 Rf8 29. Re1 Rf2 30. Nc3 Rxg2 31. Qf3 Rxh2 32. Rh1 Qh6+ 33. Qf4
Rxh1 34. Rxh1 Qxh1 35. Qxd6 Qh3+ 36. Kd2 Qxc3+ 37. Kxc3 Nb5+ 38. Kc4 Nxd6+ 39.
Kxc5 Nb5 40. e5 h5 0-1

[Event "9. Lovsprings EMT Mesterklassen 1997"]
[Site "Ringsted"]
[Date "1997.04.11"]
[Round "4"]
[White "Madsen, Morten"]
[Black "Flindt, Thomas"]
[Result "0-1"]
[WhiteElo "1941"]
[BlackElo "1904"]
[PlyCount "96"]
[EventDate "1997.??.??"]

1. e4 c5 2. c3 d5 3. e5 Nc6 4. d4 Bf5 5. Nf3 e6 6. Bg5 Be7 7. Bxe7 Ngxe7 8.
dxc5 a6 9. Bd3 Bxd3 10. Qxd3 Ng6 11. O-O Ncxe5 12. Nxe5 Nxe5 13. Qd4 Qf6 14.
Qa4+ Nc6 15. Nd2 O-O 16. Rfe1 Rfd8 17. Re3 Qe7 18. Nb3 Qd7 19. Rd1 Ne5 20. Qh4
Ng6 21. Qb4 Qc7 22. g3 a5 23. Qa4 e5 24. Red3 Qc6 25. Qxc6 bxc6 26. Kg2 a4 27.
Nd2 Ra5 28. Ne4 Rb8 29. Nd6 Rxb2 30. c4 Rxc5 31. Ra3 Rb4 32. cxd5 Rxd5 33. Rad3
Rxd3 34. Rxd3 Rd4 35. Rxd4 exd4 36. Kf3 Nf8 37. Nf5 c5 38. Ne7+ Kh8 39. Ke4 g6
40. Nc8 f5+ 41. Kd3 Nd7 42. f4 Kg7 43. Nd6 Kf6 44. Kc4 Ke6 45. Nb5 h6 46. a3 g5
47. Nc7+ Kd6 48. Nd5 g4 0-1

[Event "9. Lovsprings EMT Mesterklassen 1997"]
[Site "Ringsted"]
[Date "1997.04.11"]
[Round "4"]
[White "Nielsen, Max"]
[Black "Bromann, Thorbjorn"]
[Result "1/2-1/2"]
[WhiteElo "2112"]
[BlackElo "2216"]
[PlyCount "64"]
[EventDate "1997.??.??"]

1. e4 e6 2. d4 d5 3. Nc3 dxe4 4. Nxe4 Bd7 5. Nf3 Bc6 6. Bd3 Nd7 7. O-O Ngf6 8.
Neg5 Be7 9. Re1 h6 10. Nh3 b6 11. a3 a5 12. Ne5 Bb7 13. Nf4 Nxe5 14. dxe5 Nd7
15. Qg4 Bg5 16. Nh3 Bxc1 17. Raxc1 Qe7 18. Be4 Bxe4 19. Qxe4 O-O 20. Re3 Rad8
21. Rce1 Qc5 22. c3 Qb5 23. b4 Qa4 24. Qg4 Kh7 25. Nf4 g6 26. h4 Qc2 27. h5 g5
28. Nh3 axb4 29. axb4 Qf5 30. Qg3 c5 31. Rf3 Qc2 32. bxc5 bxc5 1/2-1/2

[Event "9. Lovsprings EMT Mesterklassen 1997"]
[Site "Ringsted"]
[Date "1997.04.11"]
[Round "4"]
[White "Preuss, Flemming"]
[Black "Jorgensen, Gert"]
[Result "1-0"]
[WhiteElo "2041"]
[BlackElo "2019"]
[PlyCount "115"]
[EventDate "1997.??.??"]

1. d4 Nf6 2. Nf3 d5 3. e3 Bg4 4. c4 e6 5. Nc3 c6 6. h3 Bh5 7. g4 Bg6 8. Ne5
Nbd7 9. Nxg6 hxg6 10. cxd5 exd5 11. Bg2 Bd6 12. Qd3 Qb6 13. g5 Ng8 14. Bd2 Ne7
15. O-O-O O-O-O 16. f3 Nf5 17. Na4 Qc7 18. e4 dxe4 19. fxe4 Ng3 20. Rhe1 Bf4
21. Qf3 Nh5 22. Rf1 Bxd2+ 23. Rxd2 Qa5 24. Nc3 Qxg5 25. Qxf7 Rhf8 26. Qe6 Nf4
27. Qg4 Qh6 28. Kc2 Kb8 29. Rdf2 g5 30. e5 Nb6 31. Rd1 Nc4 32. Rf3 c5 33. Bf1
Qg6+ 34. Kc1 cxd4 35. Bxc4 Qc6 36. Bb5 Qc5 37. Qxg5 Ne6 38. Rxf8 Rxf8 39. Qg1
Qxe5 40. Re1 Qf4+ 41. Kc2 dxc3 42. bxc3 Rd8 43. Qe3 Qf5+ 44. Bd3 Qd5 45. Qe5+
Qxe5 46. Rxe5 Nf4 47. Bf5 Rf8 48. Kd2 Rf7 49. Ke3 g5 50. Ke4 Kc7 51. h4 Ne2 52.
hxg5 Nxc3+ 53. Kf4 Nxa2 54. g6 Rg7 55. Kg5 Nb4 56. Kf6 Nc6 57. Re8 Nd4 58. Rc8+
1-0

[Event "9. Lovsprings EMT Mesterklassen 1997"]
[Site "Ringsted"]
[Date "1997.04.18"]
[Round "5"]
[White "Bromann, Thorbjorn"]
[Black "Carstensen, Jacob"]
[Result "1-0"]
[WhiteElo "2216"]
[BlackElo "2115"]
[PlyCount "61"]
[EventDate "1997.??.??"]

1. e4 c5 2. Nf3 d6 3. d4 cxd4 4. Nxd4 Nf6 5. Nc3 a6 6. f4 Qc7 7. Nf3 Nbd7 8.
Bd3 g6 9. O-O Bg7 10. Qe1 b5 11. e5 dxe5 12. fxe5 Ng4 13. e6 fxe6 14. Qh4 Nde5
15. Nxe5 Nxe5 16. Be4 Bb7 17. Bxb7 Qxb7 18. Bh6 Bxh6 19. Qxh6 O-O-O 20. Rae1
Ng4 21. Qf4 Qb6+ 22. Kh1 Nf6 23. a4 b4 24. Qc4+ Kb7 25. Rxe6 Rd6 26. Rxe7+ Kb8
27. a5 Qxa5 28. Ne4 Nxe4 29. Qxe4 Qb5 30. Qf4 Rhd8 31. Qxd6+ 1-0

[Event "9. Lovsprings EMT Mesterklassen 1997"]
[Site "Ringsted"]
[Date "1997.04.18"]
[Round "5"]
[White "Haar, Bjarne"]
[Black "Christensen, Lars (1957)"]
[Result "1-0"]
[WhiteElo "1903"]
[BlackElo "2025"]
[PlyCount "87"]
[EventDate "1997.??.??"]

1. e4 c5 2. Nf3 d6 3. d4 cxd4 4. Nxd4 Nf6 5. Nc3 g6 6. Bg5 Bg7 7. Qd2 Bd7 8. f4
Nc6 9. Nb3 a6 10. O-O-O b5 11. Bd3 Nb4 12. e5 dxe5 13. fxe5 Ng4 14. Ne4 Nxd3+
15. Qxd3 Nxe5 16. Qg3 Qc8 17. Rhe1 Bf5 18. Nbc5 Qc6 19. Qe3 O-O 20. Bxe7 Nc4
21. Qf3 Rfc8 22. Rd8+ Rxd8 23. Nf6+ Qxf6 24. Bxf6 Bxf6 25. Nd3 Bg5+ 26. Nf4
Rac8 27. Rd1 Rxd1+ 28. Kxd1 Nxb2+ 29. Ke1 Rxc2 30. g4 Rc1+ 31. Kd2 Rd1+ 32. Ke2
Bb1 33. Qa8+ Rd8 34. Qf3 Re8+ 35. Kf2 Kg7 36. Qc3+ Bf6 37. Qc1 Be4 38. g5 Bd4+
39. Kg3 Ba8 40. h4 Be5 41. Kg4 Nc4 42. h5 Ne3+ 43. Qxe3 b4 44. Nd3 1-0

[Event "9. Lovsprings EMT Mesterklassen 1997"]
[Site "Ringsted"]
[Date "1997.04.18"]
[Round "5"]
[White "Holst, Peter Stein"]
[Black "Madsen, Morten"]
[Result "0-1"]
[WhiteElo "1910"]
[BlackElo "1941"]
[PlyCount "90"]
[EventDate "1997.??.??"]

1. e4 Nf6 2. Nc3 e5 3. d4 exd4 4. Qxd4 Nc6 5. Qe3 b6 6. Bd2 Bc5 7. Qg3 Nh5 8.
Qg4 g6 9. Bd3 Ne5 10. Qe2 Bb7 11. O-O-O Qf6 12. Nh3 h6 13. f4 Nxd3+ 14. Qxd3
O-O-O 15. g4 Ng7 16. Nd5 Qd4 17. Bc3 Qxd3 18. Rxd3 Bf8 19. Rhd1 Bxd5 20. Rxd5
d6 21. R5d3 Rg8 22. e5 Ne6 23. exd6 Bxd6 24. Bf6 Rde8 25. Rf3 Nc5 26. Nf2 Re6
27. g5 h5 28. h3 Rge8 29. f5 Re3 30. Rxe3 Rxe3 31. fxg6 fxg6 32. Nd3 Rxh3 33.
Nxc5 bxc5 34. Re1 Kd7 35. Re4 Rg3 36. Ra4 Rg4 37. Rxg4 hxg4 38. Kd2 Bf4+ 39.
Ke2 Ke6 40. b4 cxb4 41. c3 bxc3 42. Bxc3 Bxg5 43. Bd4 a6 44. Kd3 Kd5 45. Bg1 c5
0-1

[Event "9. Lovsprings EMT Mesterklassen 1997"]
[Site "Ringsted"]
[Date "1997.04.18"]
[Round "5"]
[White "Jorgensen, Gert"]
[Black "Flindt, Thomas"]
[Result "1-0"]
[WhiteElo "2019"]
[BlackElo "1904"]
[PlyCount "119"]
[EventDate "1997.??.??"]

1. e4 c5 2. Nf3 Nc6 3. d4 cxd4 4. Nxd4 Nf6 5. Nc3 g6 6. Be3 Bg7 7. Be2 O-O 8.
h4 d5 9. exd5 Nxd5 10. Nxd5 Qxd5 11. Nxc6 Qxc6 12. c3 Bf5 13. O-O Rfd8 14. Qb3
Be6 15. Qb4 Bd5 16. Bb5 Qc7 17. Rfe1 Be5 18. h5 a6 19. Bf1 a5 20. Qh4 Bf6 21.
Bg5 Bxg5 22. Qxg5 Be6 23. hxg6 hxg6 24. Re4 Rd5 25. Qe3 Rh5 26. f4 Rd8 27. Be2
Rhd5 28. g4 Qc5 29. Kf2 Qxe3+ 30. Kxe3 Rd2 31. b3 Rc2 32. c4 Rdd2 33. Bd3 Rxa2
34. Rxa2 Rxa2 35. f5 gxf5 36. gxf5 Bxf5 37. Rxe7 Bxd3 38. Kxd3 Rb2 39. Kc3 Rh2
40. Rxb7 Rh5 41. Rb8+ Kg7 42. Rb5 Rh3+ 43. Kd4 Kf6 44. c5 Ke6 45. Rb6+ Kd7 46.
Kc4 Kc7 47. Ra6 Rh4+ 48. Kc3 Rh3+ 49. Kb2 Rh2+ 50. Ka3 Rh1 51. Ka4 f5 52. Rf6
Rc1 53. Rxf5 Kc6 54. Kxa5 Rxc5+ 55. Rxc5+ Kxc5 56. b4+ Kc6 57. Ka6 Kc7 58. b5
Kb8 59. Kb6 Ka8 60. Kc7 1-0

[Event "9. Lovsprings EMT Mesterklassen 1997"]
[Site "Ringsted"]
[Date "1997.04.18"]
[Round "5"]
[White "Madsen, Hans Henrik"]
[Black "Lynge, Michael"]
[Result "1/2-1/2"]
[WhiteElo "2093"]
[BlackElo "2075"]
[PlyCount "52"]
[EventDate "1997.??.??"]

1. Nc3 d5 2. d4 e6 3. e4 Nf6 4. Bg5 Bb4 5. e5 h6 6. Bd2 Bxc3 7. bxc3 Ne4 8. Bd3
Nxd2 9. Qxd2 c5 10. f4 Nc6 11. Nf3 Qa5 12. Rb1 a6 13. O-O cxd4 14. cxd4 Qxd2
15. Nxd2 Nxd4 16. Rb6 Kd7 17. Rd6+ Kc7 18. c4 Rd8 19. cxd5 exd5 20. Rc1+ Nc6
21. Rxd8 Kxd8 22. Nf3 Bg4 23. Be2 Kc7 24. Kf2 Rd8 25. Nd4 Bxe2 26. Kxe2 g6
1/2-1/2

[Event "9. Lovsprings EMT Mesterklassen 1997"]
[Site "Ringsted"]
[Date "1997.04.18"]
[Round "5"]
[White "Nielsen, Max"]
[Black "Askgaard, Jens"]
[Result "1/2-1/2"]
[WhiteElo "2112"]
[BlackElo "2067"]
[PlyCount "110"]
[EventDate "1997.??.??"]

1. e4 e6 2. d4 d5 3. Nc3 Nf6 4. e5 Nfd7 5. f4 c5 6. Nf3 Nc6 7. Be3 a6 8. Qd2 b5
9. dxc5 b4 10. Nd1 Nxc5 11. Nf2 Qa5 12. Be2 Bb7 13. O-O Na4 14. Nd3 Bc5 15.
Nxc5 Nxc5 16. Qe1 Na4 17. b3 Nc3 18. Bd3 Rd8 19. Nd4 Qc7 20. Qg3 g6 21. Kh1
Nxd4 22. Bxd4 Ne4 23. Qe1 a5 24. a3 bxa3 25. Rxa3 Ra8 26. Qe3 O-O 27. Rfa1 Bc6
28. Bb6 Qb7 29. Rxa5 Rxa5 30. Rxa5 Rb8 31. Bd4 Qb4 32. Ra1 Ra8 33. Rxa8+ Bxa8
34. h3 Bc6 35. Kh2 Bb5 36. Bxe4 dxe4 37. Qxe4 Bf1 38. Kg1 Bb5 39. c4 Bd7 40.
Qe3 Bc6 41. Bc5 Qb7 42. Qd2 h5 43. b4 Qc7 44. Qd6 Qc8 45. Kh2 Ba8 46. Be3 Kg7
47. c5 Qc6 48. Qd2 Qb5 49. Bf2 Qc4 50. Bh4 Bc6 51. Bf6+ Kh7 52. Kg3 Qe4 53. Bg5
Qc4 54. Kh4 Qe4 55. Kg3 Qc4 1/2-1/2

[Event "9. Lovsprings EMT Mesterklassen 1997"]
[Site "Ringsted"]
[Date "1997.04.18"]
[Round "5"]
[White "Preuss, Flemming"]
[Black "Kronow, Jacob"]
[Result "1-0"]
[WhiteElo "2041"]
[BlackElo "1965"]
[PlyCount "65"]
[EventDate "1997.??.??"]

1. e4 d5 2. exd5 Nf6 3. Nf3 Nxd5 4. d4 e6 5. c3 Be7 6. Bd3 Nd7 7. Qe2 b6 8. O-O
Bb7 9. Ne5 O-O 10. f4 N5f6 11. Nd2 c5 12. Ndf3 cxd4 13. Nxd4 Nc5 14. Bc2 Ba6
15. Nb5 Bxb5 16. Qxb5 Nce4 17. Qe2 Nd6 18. Kh1 Qc7 19. Bd2 Rad8 20. Rae1 Nf5
21. Bc1 Bc5 22. Qf3 h5 23. Re2 Nh6 24. h3 Nf5 25. g4 Nd6 26. b4 Nb5 27. bxc5
Qxc5 28. g5 Nd5 29. Qxh5 f5 30. c4 Nbc3 31. Rg2 Nb4 32. g6 Rfe8 33. Qh7+ 1-0

[Event "9. Lovsprings EMT Mesterklassen 1997"]
[Site "Ringsted"]
[Date "1997.04.18"]
[Round "5"]
[White "Rasmussen, Per Arnt"]
[Black "Arnkilde, Anders"]
[Result "1/2-1/2"]
[WhiteElo "1954"]
[BlackElo "2015"]
[PlyCount "134"]
[EventDate "1997.??.??"]

1. e4 c5 2. Nc3 e6 3. f4 d5 4. Nf3 dxe4 5. Nxe4 Nf6 6. d3 Nc6 7. Be3 Be7 8. g3
Nd5 9. Bf2 b6 10. Bg2 Bb7 11. O-O Qc7 12. Qe2 O-O 13. Rae1 Rac8 14. Kh1 Nf6 15.
h3 Rfd8 16. Neg5 h6 17. Nxf7 Kxf7 18. Qxe6+ Ke8 19. Ne5 Nxe5 20. fxe5 Bxg2+ 21.
Kxg2 Qb7+ 22. Kh2 Rc6 23. Qf5 Nd5 24. e6 Bf6 25. Qg6+ Kf8 26. c4 Qe7 27. cxd5
Rxd5 28. Qh7 Rxe6 29. b3 Kf7 30. Re4 Rxe4 31. dxe4 Re5 32. Be3 Rxe4 33. Bxh6
Re2+ 34. Kg1 Ke8 35. Qg8+ Kd7 36. Qd5+ Qd6 37. Qb7+ Qc7 38. Qxc7+ Kxc7 39. Bxg7
Bxg7 40. Rf7+ Kd6 41. Rxg7 Rxa2 42. h4 b5 43. h5 c4 44. bxc4 bxc4 45. Rf7 c3
46. Rf1 Kd5 47. h6 Ra6 48. h7 Rh6 49. Rf7 Kd4 50. Rf4+ Kd3 51. Rf7 a5 52. g4 c2
53. Rd7+ Ke3 54. Rc7 Rxh7 55. Rxc2 Rg7 56. Rc4 Kd3 57. Ra4 Rg5 58. Kf2 Kc3 59.
Kf3 Kb3 60. Ra1 a4 61. Kf4 Ra5 62. g5 a3 63. g6 Kb2 64. g7 Ra8 65. Rg1 a2 66.
Kf5 a1=N 67. g8=N Rf8+ 1/2-1/2

[Event "9. Lovsprings EMT Mesterklassen 1997"]
[Site "Ringsted"]
[Date "1997.05.02"]
[Round "6"]
[White "Arnkilde, Anders"]
[Black "Flindt, Thomas"]
[Result "1-0"]
[WhiteElo "2015"]
[BlackElo "1904"]
[PlyCount "55"]
[EventDate "1997.??.??"]

1. e4 c5 2. c3 e6 3. d4 d5 4. Bd3 cxd4 5. cxd4 Nc6 6. Ne2 dxe4 7. Bxe4 Nf6 8.
Bd3 Bb4+ 9. Nbc3 O-O 10. O-O Nd5 11. a3 Be7 12. Bc2 Bf6 13. Ne4 e5 14. Qd3 Nxd4
15. Nxd4 exd4 16. Nxf6+ Nxf6 17. Bg5 g6 18. Qf3 Kg7 19. Qf4 Re8 20. Rad1 Nh5
21. Qh4 f6 22. Rxd4 Qc7 23. Rc4 Qe5 24. Be3 Kf7 25. Rc5 Qxb2 26. Rxh5 gxh5 27.
Qxh5+ Ke6 28. Qxe8+ 1-0

[Event "9. Lovsprings EMT Mesterklassen 1997"]
[Site "Ringsted"]
[Date "1997.05.02"]
[Round "6"]
[White "Bromann, Thorbjorn"]
[Black "Preuss, Flemming"]
[Result "1/2-1/2"]
[WhiteElo "2216"]
[BlackElo "2041"]
[PlyCount "43"]
[EventDate "1997.??.??"]

1. e4 e5 2. Nf3 d6 3. d4 Nf6 4. Nc3 Nbd7 5. Bc4 Be7 6. Qe2 c6 7. Bg5 O-O 8. a4
Qc7 9. O-O b6 10. Rad1 a6 11. Ba2 b5 12. Nh4 exd4 13. Rxd4 Nc5 14. Nf5 Bxf5 15.
exf5 Rae8 16. Qf3 d5 17. Rh4 Nce4 18. Bf4 Bd6 19. Bxd6 Qxd6 20. Nxe4 Rxe4 21.
Rxe4 Nxe4 22. Qe2 1/2-1/2

[Event "9. Lovsprings EMT Mesterklassen 1997"]
[Site "Ringsted"]
[Date "1997.05.02"]
[Round "6"]
[White "Carstensen, Jacob"]
[Black "Nielsen, Max"]
[Result "1-0"]
[WhiteElo "2115"]
[BlackElo "2112"]
[PlyCount "66"]
[EventDate "1997.??.??"]

1. d4 Nf6 2. c4 c5 3. d5 b5 4. cxb5 a6 5. bxa6 g6 6. Nc3 Bxa6 7. e4 Bxf1 8.
Kxf1 d6 9. g3 Bg7 10. Kg2 O-O 11. Nf3 Nbd7 12. h3 Ra6 13. Bg5 Qa8 14. Qd2 Rb8
15. Rab1 e6 16. b3 exd5 17. exd5 Nb6 18. Rhd1 Re8 19. a4 Ne4 20. Nxe4 Rxe4 21.
Qd3 Re8 22. Re1 Rxe1 23. Rxe1 h6 24. Qb5 Kh7 25. Bd8 Nxd5 26. a5 Qc6 27. Qc4
Ra8 28. Bb6 f5 29. Re6 Nxb6 30. axb6 Qxb6 31. Qd5 Ra6 32. Re8 h5 33. Qg8+ Kh6
1-0

[Event "9. Lovsprings EMT Mesterklassen 1997"]
[Site "Ringsted"]
[Date "1997.05.02"]
[Round "6"]
[White "Christensen, Lars (1957)"]
[Black "Holst, Peter Stein"]
[Result "0-1"]
[WhiteElo "2025"]
[BlackElo "1910"]
[PlyCount "68"]
[EventDate "1997.??.??"]

1. e4 c5 2. Bc4 Nc6 3. Nf3 d6 4. d4 cxd4 5. Nxd4 g6 6. Nc3 Bg7 7. Be3 Nf6 8. f3
O-O 9. Qd2 Bd7 10. g4 Rc8 11. Bb3 Ne5 12. O-O-O Nc4 13. Bxc4 Rxc4 14. Rdg1 Qa5
15. Nf5 Bxf5 16. gxf5 Rfc8 17. fxg6 hxg6 18. Rg5 Qa6 19. Rhg1 Rxc3 20. bxc3
Qxa2 21. Kd1 Kf8 22. Bd4 Rc6 23. Rb5 b6 24. Ke2 Qc4+ 25. Qd3 Qe6 26. Rg2 Kg8
27. Qd2 Qc4+ 28. Qd3 Qe6 29. Qd2 Qc4+ 30. Qd3 Qe6 31. Rbg5 Bh6 32. Bxf6 Qxf6
33. Rd5 Rxc3 34. Qd1 Qxf3+ 0-1

[Event "9. Lovsprings EMT Mesterklassen 1997"]
[Site "Ringsted"]
[Date "1997.05.02"]
[Round "6"]
[White "Haar, Bjarne"]
[Black "Madsen, Hans Henrik"]
[Result "1-0"]
[WhiteElo "1903"]
[BlackElo "2093"]
[PlyCount "59"]
[EventDate "1997.??.??"]

1. e4 e5 2. f4 exf4 3. Nf3 d5 4. exd5 Nf6 5. Nc3 Bd6 6. Bb5+ Bd7 7. Qe2+ Qe7 8.
O-O Qxe2 9. Bxe2 O-O 10. d4 Bf5 11. Bd1 Re8 12. Nh4 Be4 13. Nxe4 Nxe4 14. Nf5
g5 15. c4 Nd7 16. h4 f6 17. Bh5 Reb8 18. Re1 Ng3 19. Nxg3 fxg3 20. hxg5 Bf8 21.
Bf4 fxg5 22. Bxg5 Bg7 23. Rad1 Nf6 24. Bf3 Re8 25. Bf4 Rac8 26. Bxg3 Bh6 27.
Be5 Kf7 28. b3 Bg5 29. Rd3 Nd7 30. Bh5+ 1-0

[Event "9. Lovsprings EMT Mesterklassen 1997"]
[Site "Ringsted"]
[Date "1997.05.02"]
[Round "6"]
[White "Kronow, Jacob"]
[Black "Jorgensen, Gert"]
[Result "1/2-1/2"]
[WhiteElo "1965"]
[BlackElo "2019"]
[PlyCount "38"]
[EventDate "1997.??.??"]

1. f4 d5 2. Nf3 Nf6 3. e3 c5 4. b3 Nc6 5. Bb5 Qb6 6. Bxc6+ bxc6 7. d3 a5 8. a4
Ba6 9. Ne5 Rd8 10. Qf3 Nd7 11. O-O g6 12. Bb2 f6 13. h4 Bg7 14. Nxd7 Rxd7 15.
Nd2 c4 16. dxc4 dxc4 17. Rfd1 O-O 18. Bc3 Rfd8 19. bxc4 f5 1/2-1/2

[Event "9. Lovsprings EMT Mesterklassen 1997"]
[Site "Ringsted"]
[Date "1997.05.02"]
[Round "6"]
[White "Lynge, Michael"]
[Black "Askgaard, Jens"]
[Result "1/2-1/2"]
[WhiteElo "2075"]
[BlackElo "2067"]
[PlyCount "37"]
[EventDate "1997.??.??"]

1. d4 Nf6 2. c4 c6 3. Nc3 d5 4. Nf3 a6 5. Bg5 Ne4 6. Bf4 Nxc3 7. bxc3 dxc4 8.
g3 b5 9. Bg2 e6 10. Ne5 Bb7 11. Rb1 Qc8 12. e4 Nd7 13. Qh5 g6 14. Qe2 Bg7 15.
Ng4 h5 16. Ne3 e5 17. dxe5 Nxe5 18. O-O O-O 19. Bxe5 1/2-1/2

[Event "9. Lovsprings EMT Mesterklassen 1997"]
[Site "Ringsted"]
[Date "1997.05.02"]
[Round "6"]
[White "Madsen, Morten"]
[Black "Rasmussen, Per Arnt"]
[Result "1-0"]
[WhiteElo "1941"]
[BlackElo "1954"]
[PlyCount "101"]
[EventDate "1997.??.??"]

1. e4 c5 2. c3 d5 3. e5 Nc6 4. d4 Bf5 5. Nf3 e6 6. Bb5 a6 7. Ba4 b5 8. Bc2 Bxc2
9. Qxc2 cxd4 10. cxd4 Rc8 11. Qd1 Qb6 12. O-O Nge7 13. Be3 Nf5 14. Nbd2 Be7 15.
Nb3 h5 16. Rc1 a5 17. Bd2 b4 18. Be3 f6 19. exf6 gxf6 20. Kh1 h4 21. Nc5 Bxc5
22. Rxc5 Kf7 23. Qa4 Nd6 24. Nd2 Nb7 25. Rcc1 Ne7 26. Nf3 Nd6 27. Rxc8 Ndxc8
28. Rc1 Nd6 29. Qc2 Ne4 30. Qe2 Nf5 31. Kg1 h3 32. g3 Nxe3 33. fxe3 Qb8 34. Qc2
Qb5 35. Qd1 Ke7 36. Nh4 Kd7 37. Qg4 Qb8 38. Qg7+ Kd6 39. Ng6 Re8 40. Ne5 Nc5
41. Nf7+ Ke7 42. Rxc5 Rg8 43. Nd8+ Rxg7 44. Nc6+ Kd6 45. Nxb8 Rb7 46. Rc6+ Ke7
47. Na6 Rb5 48. Rxe6+ Kxe6 49. Nc7+ Kd6 50. Nxb5+ Kc6 51. a4 1-0

[Event "9. Lovsprings EMT Mesterklassen 1997"]
[Site "Ringsted"]
[Date "1997.05.16"]
[Round "7"]
[White "Arnkilde, Anders"]
[Black "Lynge, Michael"]
[Result "0-1"]
[WhiteElo "2015"]
[BlackElo "2075"]
[PlyCount "54"]
[EventDate "1997.??.??"]

1. e4 e6 2. d4 d5 3. Nc3 Nf6 4. Bg5 Be7 5. Bxf6 Bxf6 6. e5 Be7 7. Qg4 O-O 8.
O-O-O f5 9. Qh3 c5 10. f4 Nc6 11. Nf3 cxd4 12. Nxd4 Qb6 13. Nxf5 exf5 14. Nxd5
Qc5 15. a3 a5 16. Nc7 Rb8 17. Qb3+ Kh8 18. Nb5 a4 19. Qxa4 Be6 20. Nc7 Ba2 21.
b4 Qe3+ 22. Kb2 Bf7 23. g3 Nxe5 24. Qb5 Bf6 25. c3 Nc4+ 26. Kb3 Qxc3+ 27. Ka4
Qxa3# 0-1

[Event "9. Lovsprings EMT Mesterklassen 1997"]
[Site "Ringsted"]
[Date "1997.05.16"]
[Round "7"]
[White "Askgaard, Jens"]
[Black "Preuss, Flemming"]
[Result "1-0"]
[WhiteElo "2067"]
[BlackElo "2041"]
[PlyCount "97"]
[EventDate "1997.??.??"]

1. d4 e6 2. c4 f5 3. g3 Nf6 4. Bg2 Bb4+ 5. Bd2 Be7 6. Nc3 O-O 7. Nf3 d6 8. O-O
Qe8 9. Re1 Ne4 10. Nxe4 fxe4 11. Ng5 d5 12. f3 h6 13. Nh3 Nc6 14. fxe4 dxe4 15.
e3 e5 16. d5 Nb4 17. Bxb4 Bxb4 18. Rf1 Bf5 19. Nf2 c6 20. Bxe4 Rd8 21. Qb3 Bc5
22. Bxf5 Rxf5 23. Ne4 Rxf1+ 24. Rxf1 Bf8 25. Qxb7 cxd5 26. cxd5 Qg6 27. d6 Qe6
28. Qxa7 Qd5 29. Qc7 Ra8 30. Nc3 Qd2 31. Qf7+ Kh8 32. Rd1 Qxe3+ 33. Qf2 Qg5 34.
Qd2 Qd8 35. b3 Qb6+ 36. Kh1 Rd8 37. Ne4 Qc6 38. Qd5 Qc2 39. a4 Qe2 40. Qd3 Qg4
41. b4 Bxd6 42. Nf2 Qxb4 43. Qe4 Qb8 44. Ng4 Rf8 45. Kg2 Qb2+ 46. Kh3 Bb8 47.
Rd7 Qa1 48. Qg6 Qf1+ 49. Kh4 1-0

[Event "9. Lovsprings EMT Mesterklassen 1997"]
[Site "Ringsted"]
[Date "1997.05.16"]
[Round "7"]
[White "Carstensen, Jacob"]
[Black "Haar, Bjarne"]
[Result "1/2-1/2"]
[WhiteElo "2115"]
[BlackElo "1903"]
[PlyCount "104"]
[EventDate "1997.??.??"]

1. d4 e6 2. c4 f5 3. g3 Nf6 4. Bg2 d5 5. Nf3 Be7 6. O-O O-O 7. Ne5 Nbd7 8. Nc3
c6 9. f4 Ne4 10. Qd3 Ndf6 11. c5 Bd7 12. Be3 Be8 13. b4 Bh5 14. Nxe4 dxe4 15.
Qd2 Nd5 16. g4 Be8 17. g5 b5 18. a4 a6 19. Bf2 Qc8 20. e3 Qb7 21. Rfb1 Bh5 22.
Bf1 Rfb8 23. Rb3 Bd8 24. axb5 axb5 25. Rba3 Rxa3 26. Rxa3 Ra8 27. Qa2 Rxa3 28.
Qxa3 Bc7 29. Be1 Bd8 30. Kf2 Bc7 31. Kg3 Bd8 32. Kf2 Bc7 33. h4 Bd8 34. Be2
Bxe2 35. Kxe2 g6 36. Bd2 Kg7 37. Qa1 Bc7 38. Qh1 Qa6 39. h5 Bxe5 40. hxg6 hxg6
41. Qh6+ Kf7 42. fxe5 Ne7 43. Qh7+ Ke8 44. Qh8+ Kd7 45. Qb8 Qa2 46. Qd6+ Ke8
47. Qb8+ Kf7 48. Qd8 Qc4+ 49. Ke1 Qd3 50. Qa5 f4 51. Bc1 fxe3 52. Qa3 Qxa3
1/2-1/2

[Event "9. Lovsprings EMT Mesterklassen 1997"]
[Site "Ringsted"]
[Date "1997.05.16"]
[Round "7"]
[White "Flindt, Thomas"]
[Black "Rasmussen, Per Arnt"]
[Result "0-1"]
[WhiteElo "1904"]
[BlackElo "1954"]
[PlyCount "75"]
[EventDate "1997.??.??"]

1. e4 c5 2. Nf3 Nc6 3. d4 cxd4 4. Nxd4 g6 5. Bc4 Bg7 6. c3 Nf6 7. Qe2 O-O 8.
O-O d6 9. Rd1 Qa5 10. Bf4 Bg4 11. f3 Bd7 12. Nd2 Qh5 13. Qe3 Ne5 14. Be2 Nc6
15. Nxc6 Bxc6 16. Bg5 h6 17. f4 Ng4 18. Bxg4 Qxg4 19. Bxe7 Rfe8 20. h3 Qe6 21.
Bh4 f5 22. e5 dxe5 23. fxe5 g5 24. Bf2 Bxe5 25. Re1 Qd5 26. Nf3 Bh2+ 27. Kxh2
Rxe3 28. Rxe3 g4 29. hxg4 fxg4 30. Nh4 Rf8 31. Bg3 Rf5 32. Rae1 Rh5 33. R1e2
Qg5 34. Re5 Rxh4+ 35. Kg1 Qd8 36. Rf5 Qd1+ 37. Re1 Qd2 38. Rd5 0-1

[Event "9. Lovsprings EMT Mesterklassen 1997"]
[Site "Ringsted"]
[Date "1997.05.16"]
[Round "7"]
[White "Holst, Peter Stein"]
[Black "Madsen, Hans Henrik"]
[Result "1-0"]
[WhiteElo "1910"]
[BlackElo "2093"]
[PlyCount "80"]
[EventDate "1997.??.??"]

1. d4 Nf6 2. Nc3 d5 3. Bg5 c5 4. Bxf6 exf6 5. e3 c4 6. Qf3 Bb4 7. Nge2 O-O 8.
g3 Nc6 9. Bg2 Ne7 10. O-O Be6 11. a3 Bxc3 12. Nxc3 Qd7 13. h3 Rad8 14. Kh2 Bf5
15. Qe2 Rfe8 16. Rfc1 b5 17. Qd2 Be4 18. Nxe4 dxe4 19. Bxe4 Nd5 20. Bg2 c3 21.
bxc3 Rc8 22. Bxd5 Qxd5 23. a4 a6 24. Rcb1 f5 25. axb5 axb5 26. Ra5 f4 27. exf4
Qf3 28. Re1 g6 29. Rxb5 Rxe1 30. Qxe1 Rxc3 31. Rb3 Rxb3 32. cxb3 Qxb3 33. Qe8+
Kg7 34. Qe5+ Kf8 35. Qh8+ Ke7 36. Qe5+ Kd7 37. Qe4 f5 38. Qe3 Qd5 39. Kg1 Kc6
40. Qe8+ Kb6 1-0

[Event "9. Lovsprings EMT Mesterklassen 1997"]
[Site "Ringsted"]
[Date "1997.05.16"]
[Round "7"]
[White "Jorgensen, Gert"]
[Black "Nielsen, Max"]
[Result "1/2-1/2"]
[WhiteElo "2019"]
[BlackElo "2112"]
[PlyCount "52"]
[EventDate "1997.??.??"]

1. d4 Nf6 2. Nf3 g6 3. c4 Bg7 4. Nc3 d6 5. e4 O-O 6. Be2 e5 7. dxe5 dxe5 8.
Qxd8 Rxd8 9. Bg5 c6 10. O-O Re8 11. h3 Na6 12. Be3 Bf8 13. a3 Bc5 14. Bg5 Nh5
15. b4 Bf8 16. Rfe1 Nc7 17. Be3 Ng7 18. c5 f6 19. Nd2 Be6 20. Bc4 Red8 21. Red1
Rd7 22. f4 Bxc4 23. Nxc4 Rxd1+ 24. Rxd1 exf4 25. Bxf4 Nce6 26. Bd6 Rd8 1/2-1/2

[Event "9. Lovsprings EMT Mesterklassen 1997"]
[Site "Ringsted"]
[Date "1997.05.16"]
[Round "7"]
[White "Kronow, Jacob"]
[Black "Bromann, Thorbjorn"]
[Result "1/2-1/2"]
[WhiteElo "1965"]
[BlackElo "2216"]
[PlyCount "50"]
[EventDate "1997.??.??"]

1. d4 d5 2. c4 Nc6 3. Nf3 Bg4 4. e3 e6 5. Be2 dxc4 6. O-O Nf6 7. Nc3 Bd6 8. Nd2
Bxe2 9. Qxe2 e5 10. Nxc4 O-O 11. d5 Ne7 12. e4 Ng6 13. Bg5 h6 14. Bxf6 Qxf6 15.
Nxd6 Qxd6 16. Rac1 a6 17. Qc2 f5 18. exf5 Nh4 19. Rfd1 Rxf5 20. Ne4 Qg6 21. Ng3
Rf7 22. Qxg6 Nxg6 23. Ne4 Nf4 24. Rd2 Rd8 25. Rcd1 a5 1/2-1/2